000 00450nam a2200193Ia 4500
005 20250425162532.0
008 250425s9999 xx 000 0 und d
041 _aspa
082 _a620.1054
100 _aMERIAM, J. L.
245 0 _aENGINEERING MECHANICS: DYNAMICS
250 _a2A ED.
260 _aEstados Unidos
_bJOHN WILEY
_c1986
260 _aNEW YORK
300 _a641
700 _aKRAIGE, L. G.
942 _c01
010 _a83536
999 _c231226
_d231226